000 00419nam a2200157Ia 4500
008 231217s9999 xx 000 0 und d
020 _a8178810263
041 _aEnglish
082 _a658.834 SHA;1 R
100 _aSharma, S K ed.
245 0 _aSupply chain management in the internet age
260 _c2002
_bIcfai
_aHyderabad
300 _axiii, 204+A15
650 _aSupply,chain,management,age
942 _cAA
999 _c187748
_d187748